000 00664nam a2200217 i 4500
001 bg
100 1 _aWILLIAMS, Patrick
245 1 0 _aSztuka uczenia się metodą Josego /
_cPatrick Williams ; [tł. z ang.].
246 _iTyt. oryg.:
_aThe art of learning with method of Jose
260 _aŁódź :
_bPiątek Trzynastego,
_c1998.
300 _a117 s. :
_brys. ;
_c17 cm.
500 _aOryg. : "The art of learning with method of Jose".
650 9 _aUczenie się
_xmetody
020 _a8390901056
040 _cBPK
041 1 _apl
_hen
080 _a37.041:159.953
920 _a83-909010-5-6
942 _cKS
008 s pl f |000 0 pol
999 _c33566
_d33566
856 _uhttp://koha.tu.koszalin.pl/cgi-bin/koha/opac-detail.pl?biblionumber=33566
_yKatalog online BPK